| 000 | 006020000a22001810004500 | ||
|---|---|---|---|
| 090 | _aSERIADAS | ||
| 245 | 1 | 0 | _aConfirmación de la presencia de Lutzomyia lutziana (Diptera: Psychoidae) en Colombia |
| 044 | _aColombia | ||
| 041 | 0 | _aEspañol | |
| 690 |
_aFlebotomíneos _9100533 |
||
| 690 |
_aTaxonomía _992343 |
||
| 651 | 4 |
_pColombia _dMeta _lParque Nacional Natural Serranía de La Macarena _992749 |
|
| 700 | 1 |
_aDuque, Patricia _9100534 |
|
| 700 | 1 |
_aVélez, Iván Darío _9100535 |
|
| 100 | 1 |
_aBejarano, Eduar Elías _9100124 |
|
| 942 | _cARTICULO | ||
| 773 | 1 |
_tCaldasia _mJun _h1 _q153-157 _d2007 _g29 |
|
| 999 |
_c16300 _d16300 |
||